<?xml version="1.0" encoding="UTF-8"?><?xml-stylesheet type="text/xsl" href="static/style.xsl"?><OAI-PMH xmlns="http://www.openarchives.org/OAI/2.0/" xmlns:xsi="http://www.w3.org/2001/XMLSchema-instance" xsi:schemaLocation="http://www.openarchives.org/OAI/2.0/ http://www.openarchives.org/OAI/2.0/OAI-PMH.xsd"><responseDate>2026-04-14T13:43:16Z</responseDate><request verb="GetRecord" identifier="oai:uvadoc.uva.es:10324/51177" metadataPrefix="marc">https://uvadoc.uva.es/oai/request</request><GetRecord><record><header><identifier>oai:uvadoc.uva.es:10324/51177</identifier><datestamp>2025-02-05T12:09:16Z</datestamp><setSpec>com_10324_38</setSpec><setSpec>col_10324_852</setSpec></header><metadata><record xmlns="http://www.loc.gov/MARC21/slim" xmlns:doc="http://www.lyncode.com/xoai" xmlns:xsi="http://www.w3.org/2001/XMLSchema-instance" xmlns:dcterms="http://purl.org/dc/terms/" xsi:schemaLocation="http://www.loc.gov/MARC21/slim http://www.loc.gov/standards/marcxml/schema/MARC21slim.xsd">
<leader>00925njm 22002777a 4500</leader>
<datafield tag="042" ind1=" " ind2=" ">
<subfield code="a">dc</subfield>
</datafield>
<datafield tag="720" ind1=" " ind2=" ">
<subfield code="a">Calvo Rodríguez, María</subfield>
<subfield code="e">author</subfield>
</datafield>
<datafield tag="260" ind1=" " ind2=" ">
<subfield code="c">2021</subfield>
</datafield>
<datafield tag="520" ind1=" " ind2=" ">
<subfield code="a">Con la victoria del bando nacional en la Guerra Civil Española (1936-1939), la dictadura&#xd;
liderada por el general Francisco Franco inició una dura represión a distintos sectores de la&#xd;
sociedad con la finalidad de consolidarse y legitimarse en el poder. Uno de los objetivos&#xd;
principales para este régimen fue la educación, por lo que maestros, profesores y catedráticos&#xd;
fueron sometidos a un proceso de depuración para perpetuar en las nuevas generaciones los&#xd;
valores defendidos por el franquismo a través del control y la violencia.</subfield>
</datafield>
<datafield tag="520" ind1=" " ind2=" ">
<subfield code="a">With the victory of the national side in the Spanish Civil War (1936-1939), the&#xd;
dictatorship led by General Francisco Franco began a hard repression of different sectors of the&#xd;
society in order to consolidate and legitimize itself in power. One of the main objectives of this&#xd;
regime was education, so teachers and professors were subjected to a process of purge to&#xd;
perpetuate in the new generations the values defended by Franco’s government through control&#xd;
and violence.</subfield>
</datafield>
<datafield tag="024" ind2=" " ind1="8">
<subfield code="a">https://uvadoc.uva.es/handle/10324/51177</subfield>
</datafield>
<datafield tag="245" ind1="0" ind2="0">
<subfield code="a">La represión franquista: control y depuración docente</subfield>
</datafield>
</record></metadata></record></GetRecord></OAI-PMH>